[Event "SRI-ch"]
[Site "Colombo"]
[Date "2024.03.24"]
[Round "4"]
[White "Kodithuwakku, KK Dinujaya"]
[Black "Wijerathna, Vinuka Dihain"]
[Result "1-0"]
[WhiteElo "1707"]
[BlackElo "1744"]
[PlyCount "159"]
[EventDate "2024.03.22"]
[EventType "tourn"]
[EventRounds "13"]
[EventCountry "SRI"]
[SourceTitle "CBM 219 Extra"]
[Source "ChessBase"]
[SourceDate "2024.05.31"]
[SourceVersion "1"]
[SourceVersionDate "2024.05.31"]
[SourceQuality "1"]

1. d4 Nf6 2. Nc3 d5 3. Bf4 e6 4. Nb5 Na6 5. e3 Be7 6. Nf3 0-0 7. c4 c6 8. Nc3 Qa5 9. Nd2 c5 10. Nb3 Qb6 11. cxd5 cxd4 12. Qxd4 Nb4 13. Qxb6 axb6 14. d6 Bd8 15. Rc1 Nfd5 16. Nxd5 Nxd5 17. Bb5 Nf6 18. a3 Bd7 19. Bxd7 Nxd7 20. 0-0 h5 21. e4 e5 22. Be3 f6 23. Rc4 Kf7 24. f4 exf4 25. Bxf4 b5 26. Rb4 Bb6+ 27. Kh1 Ra4 28. Rxb5 Rxe4 29. Nd2 Ra4 30. Rxh5 Re8 31. h3 Re2 32. b4 Rxa3 33. Nc4 Rc3 34. Nxb6 Nxb6 35. Rb5 Nd7 36. Rxb7 Ke6 37. Rc7 Rb3 38. Rc8 Rbb2 39. Re8+ Kf7 40. Rxe2 Rxe2 41. Rb1 g5 42. Bg3 Ke6 43. Kg1 f5 44. Rd1 Re4 45. Be1 Re5 46. Bf2 f4 47. Bc5 Kf5 48. Kf2 g4 49. hxg4+ Kxg4 50. Rd4 Kf5 51. Rc4 Rd5 52. Rd4 Re5 53. Rd2 Kg4 54. Rd3 Kg5 55. Kf3 Kf5 56. Rd2 Kg5 57. Re2 Kf5 58. Rxe5+ Nxe5+ 59. Ke2 Ke4 60. b5 Kd5 61. Ba3 Ke4 62. b6 Kd5 63. b7 Nd7 64. Kf3 Kc6 65. Kxf4 Kxb7 66. Kf5 Kc6 67. Ke6 Nf8+ 68. Kf7 Nd7 69. g3 Ne5+ 70. Ke6 Nd7 71. g4 Nf8+ 72. Kf7 Nd7 73. g5 Ne5+ 74. Ke6 Nd7 75. g6 Nf8+ 76. Kf7 Nxg6 77. Kxg6 Kd7 78. Kf7 Kd8 79. Ke6 Ke8 80. d7+ 1-0